Δύο νέα πολιτεύματα : το γερμανικόν και το ρωσσικόν σύνταγμα
Αποθηκεύτηκε σε:
| Άλλοι συγγραφείς: | |
|---|---|
| Μορφή: | Βιβλίο |
| Γλώσσα: | Greek |
| Δημοσίευση: |
Εν Αθήναις :
Ελευθερουδάκης,
1921
|
| Θέματα: | |
| Ετικέτες: |
Προσθήκη ετικέτας
Δεν υπάρχουν, Καταχωρήστε ετικέτα πρώτοι!
|
MARC
| LEADER | 00000cam a2200000 i 4500 | ||
|---|---|---|---|
| 001 | 1/6360 | ||
| 008 | 000612s1921 gre d | ||
| 035 | |l 10061905 | ||
| 040 | |a GR-MY-UA |b gre |e aacr | ||
| 041 | 0 | |a gre | |
| 082 | 0 | |a 342.02 | |
| 245 | 1 | 0 | |a Δύο νέα πολιτεύματα : |b το γερμανικόν και το ρωσσικόν σύνταγμα / |c μετάφρασις και πρόλογος Α. Ι. Σβώλου |
| 260 | |a Εν Αθήναις : |b Ελευθερουδάκης, |c 1921 | ||
| 300 | |a 117 σ. | ||
| 650 | 0 | 0 | |a Constitutional law |z Germany. |
| 650 | 0 | 0 | |a Constitutional law |z Soviet Union. |
| 700 | 1 | |a Σβώλος, Αλέξανδρος Ι., |d 1892-1956. |4 trl | |
| 852 | |a INST |b LESVOS |e 20000612 |h 342.02 ΔΥΟ |p 005100023967 |q 005100023967 |t BK |y 0 | ||
| 901 | |a BIBL1-2000-2 | ||
| 909 | |a Λ |b 044345 | ||
| 970 | |z 2000/06/ΓΕΩΡΓΙΑ | ||